000 00730nam a2200205Ii 4500
003 JO-AjNU
008 230605s9999||||xx |||||||||||||| ||und||
040 _aJO-AjNU
_bara
_erda
_cJO-AjNU
041 _aara
050 1 4 _aBL48.S28
100 3 _aالسواح،فراس,
_eauthor
_919218
245 0 0 _aدين الإنسان: بحث في ماهية الدين ومنشأ الدافع الديني
250 _aط1
264 3 1 _aدمشق:دار علاء الدين للنشر والتوزيع والترجمة ،د.ت
300 _a400ص
336 _atext
_btxt
_2rdacontent
337 _aunmediated
_bn
_2rdamedia
338 _avolume
_bnc
_2rdacarrier
650 4 _aالدافع الديني-الاخلاق الدينية
_919219
999 _aA6296
_c9864
_d9864